Seriózne vo všetkých žánroch

Bibliographic Details
Main Authors: Mokrý, Ladislav, 1932-2000 (Author), Snopko, Ladislav (Author)
Format: Article
Language:Slovak
PhysicalDescription:Obr. 5.
Subjects:

MARC

LEADER 00000nab a2200000 a 4500
001 vtls000054094
003 SK-MaSNL
005 20260303030525.0
008 111103c1980 xo 0 slo
015 |a SNBRB19rr/mm-uuuuu 
035 |a CL0064191 
040 |a SNKBUCL  |b slo  |c SNKBUCL  |e AACR2 
041 0 |a slo 
044 |a xo  |c SK 
080 |a 78  |2 1981 
100 1 |a Mokrý, Ladislav,  |d 1932-2000  |4 aut  |9 196630 
245 1 0 |a Seriózne vo všetkých žánroch  |c Ladislav Mokrý, Ladislav Snopko 
300 |b Obr. 5. 
650 0 7 |a hudba  |2 snkbucl  |9 1063 
650 0 7 |a Medzinárodná hudobná rada  |2 snkbucl  |9 1011831 
655 7 |a články z novín a časopisov  |2 snkbucl  |9 267496 
700 1 |a Snopko, Ladislav  |4 aut  |9 286287 
773 0 |t Populár  |g Roč. 12, č. 2 (1980), s. 1-2 
850 |a Slovenská národná knižnica v Martine  |a MTA001 
852 |a SNK  |b KIS3GCP 
958 |a RK 
992 |a RBX 
999 |c 1652849  |d 1654779